00754nam a2200217 a 450000500170000000800410001702000150005805000250007310000260009824500930012426000390021730000290025652100080028565000290029365000470032265000380036965000580040770000270046570000170049270000270050920140311163026.0080509s19uu xx 00 eng d a1593631804 aLC 4705b.Sm615 2006 aWienfeld, Rich et al. aSmart kids with learning difficulties :bovercoming obstacles and realizing potential. / aU.S.A :bPrurock Press Inc,c2006. a195 p. :bill. ;c24 cm. aEDU aSpecial education books. aGifted childrenxEducationxUnited States. aSpecial educationxUnited States. aLearning disabled childrenxEducationxUnited States. aBarnes-robinson, Linda aJeweler, Sue aShevitz, Betty Roffman